Paroles - Columbine - Adieu bientôt - Statistiques

Statistiques générales
  • Ce quiz a été pris 41 fois
  • Le résultat moyen est 284 sur 406
Statistiques - réponses
Réponse % Correct
a
100%
à
100%
la
97%
La
97%
Adieu
94%
bientôt,
94%
bientôt
94%
dans
94%
Dans
94%
de
94%
J'ai
94%
j'ai
94%
le
94%
les
94%
que
94%
vallée,
94%
me
91%
sessions
91%
studio
91%
dribblé
88%
est
88%
et
88%
Et
88%
je
88%
Je
88%
plus
88%
pour
88%
années
84%
arrête,
84%
ça
84%
comme
84%
Comme
84%
J'suis
84%
j'suis
84%
ma
84%
mon
84%
Mon
84%
planète
84%
tu
84%
cœur,
81%
cœur
81%
dos
81%
Est-ce-que
81%
est-ce-que
81%
gaming
81%
Ils
81%
J'élimine,
81%
pas
81%
attendent
78%
détestable,
78%
j'me
78%
J'me
78%
l'auto-portrait
78%
allées
75%
cramer
75%
en
75%
jusqu'à
75%
mérité?
75%
Noyé
75%
planter
75%
ramènes
75%
retourne
75%
tout
75%
un
75%
Un
75%
vérité
75%
apnée,
72%
au
72%
j'fais
72%
vapoté
72%
des
69%
du
69%
prends
69%
qui
69%
te
69%
face
66%
matrixer
66%
ne
66%
cellophanés
63%
Doigts
63%
fais
63%
grandi
63%
63%
ou
63%
prise,
63%
prise
63%
si
63%
Si
63%
T'as
63%
t'as
63%
vapes
63%
cadavres
59%
Dis
59%
Mais
59%
mais
59%
On
59%
qu'entre
59%
revoir
59%
sens
59%
t'es
59%
T'es
59%
une
59%
vérifiés
59%
vie
59%
Visages
59%
batterie
56%
comptes
56%
faible
56%
irai
56%
Jamais
56%
j'm'en
56%
traînent
56%
y
56%
jour
53%
jour,
53%
mes
53%
seul
53%
suis,
53%
ton
53%
auréole
50%
d'une
50%
futur
50%
incendie
50%
insensible
50%
Leone
50%
loin
50%
l'pourcentage
50%
lumière,
50%
Mama,
50%
mama,
50%
moi
50%
peu
50%
rappeur
50%
reste?
50%
rêves
50%
sais
50%
Sierra
50%
sur
50%
Très
50%
belle
47%
brouillard
47%
c'est
47%
d'ici
47%
elle
47%
ferme,
47%
font
47%
Habitué
47%
histoires
47%
j'irais?
47%
j'y
47%
Lacoste,
47%
l'étonné
47%
noires
47%
peur
47%
pourquoi
47%
vue
47%
âmes
44%
Arc-en-ciel
44%
bon
44%
boutique
44%
chance,
44%
comment
44%
épaules
44%
faire
44%
Idées
44%
j'abandonne
44%
J'raconte
44%
m'aimes,
44%
Minimum
44%
platinium,
44%
r'garde
44%
cauchemars,
41%
cote,
41%
croire
41%
d'la
41%
d'RIP
41%
faut
41%
hall
41%
j'm'enfuis,
41%
s'perd
41%
veux
41%
avion
38%
cave
38%
dis-le
38%
glissé
38%
importe,
38%
J'vais
38%
m'la
38%
mode
38%
soleil
38%
compris
34%
déjà
34%
dérange
34%
j'te
34%
laisse
34%
microclimat
34%
mort,
34%
nos
34%
paix,
34%
polos
34%
qu'y
34%
couper
31%
J'entends
31%
J'm'efforcerai
31%
m'attriste,
31%
phone-tel
31%
porte
31%
2
28%
j'perds
28%
l'ocas'
28%
m'barrer-barrer,
28%
qu'on
28%
vos
28%
codes
25%
cornes
25%
eux
25%
heures,
25%
j'connais
25%
sonner
25%
ville
25%
médite
22%
dégagent
19%
j'égare
19%
semaines
19%
m'demandras
13%
oh
13%
Aucun quiz correspondant
Distribution des résultats
% des personnes avec chaque résultat
Percentile par nombre de réponses
Votre historique - résultats
Vous n’avez pas pris ce quiz